Ružomberok

Bibliographic Details
Format: Photo
Language:Slovak
PhysicalDescription:1 pohľadnica (9 čiastkových pohľadov) 9x14 cm
Published: [Bratislava] Slovakotour [1946]
Subjects:

MARC

LEADER 00000nkm a2200000 a 4500
001 vtls001463541
003 SK-MaSNL
005 20260301121653.0
007 kf bo
008 231206s1946 xo 0k slo
035 |a SNK000418846 
035 |a urn:nbn:sk:snk-km003rw6 
035 |a 82EF284C-E07C-4DAE-8D29-1A837986E795 
035 |a urn:nbn:sk:snk-kmtgfr 
040 |a SNK  |b slo  |c SNK  |e AACR2 
041 0 |a slo 
044 |a xo  |c SK 
080 |a 908(437.6-17)  |2 1981 
080 |a (084.121)  |2 1981 
245 0 0 |a Ružomberok  |h grafika 
260 |a [Bratislava]  |b Slovakotour  |c [1946] 
300 |a 1 pohľadnica (9 čiastkových pohľadov)  |c 9x14 cm 
651 7 |a Ružomberok (Slovensko)  |2 SNKPH  |9 24370 
655 7 |a geografické pohľadnice  |2 SNKPH  |9 70522 
655 7 |a miestne pohľadnice  |2 SNKPH  |9 70510 
852 |a Slovenská národná knižnica 
958 |a GC 
958 |a GBN 
958 |a OND 
999 |c 730201  |d 732131 
952 |t P60, <03>, [BOOK], {603}  |a SNK  |b SNK  |y PREZ  |7 0  |p 17A0395515  |o snkSP 151665  |i snkPV 156/2003  |g 1.00  |0 0  |1 0  |4 0  |d 2003-11-21  |f 1  |l 0  |r 2005-01-02 00:00:00  |w 2026-02-23